[Event "Andalucia-chB"]
[Site "Roquetas de Mar"]
[Date "2017.05.19"]
[Round "1"]
[White "Ortega Carrascosa, Cristobal"]
[Black "Gutierrez Lupion, Daniel"]
[Result "0-1"]
[WhiteElo "1352"]
[BlackElo "1605"]
[PlyCount "72"]
[EventDate "2017.05.19"]
[EventType "swiss"]
[EventRounds "6"]
[EventCountry "ESP"]
[SourceTitle "EXT 2020"]
[Source "ChessBase"]
[SourceDate "2019.10.17"]
[SourceVersion "1"]
[SourceVersionDate "2019.10.17"]
[SourceQuality "1"]

1. c4 Nf6 2. Nc3 e6 3. d4 Bb4 4. Bd2 0-0 5. a3 Bxc3 6. Bxc3 b6 7. e3 Bb7 8. Nf3 a5 9. Bd3 d6 10. 0-0 a4 11. Rc1 Nbd7 12. Re1 Ne4 13. Bd2 f5 14. Re2 Rf6 15. Bxe4 Bxe4 16. Ng5 Bb7 17. f3 Rg6 18. e4 Rxg5 19. Bxg5 Qxg5 20. exf5 Bxf3 21. fxe6 Bxe2 22. Qe1 Nf6 23. Rc3 Ne4 24. Qc1 Qxc1+ 25. Rxc1 Nf6 26. Kf2 Bg4 27. d5 Kf8 28. h3 Bf5 29. g4 Bg6 30. Ke3 Ke7 31. g5 Ne4 32. h4 Nc5 33. Rh1 Bh5 34. Rh2 Rf8 35. Rf2 Rxf2 36. Kxf2 Nd3+ 0-1

[Event "Andalucia-ch U10 1011"]
[Site "Almeria"]
[Date "2011.03.25"]
[Round "1.5"]
[White "Ortega Carrascosa, Cristobal"]
[Black "Trigueros Lorca, Irene"]
[Result "0-1"]
[WhiteElo "1130"]
[BlackElo "1445"]
[PlyCount "55"]
[EventDate "2011.03.25"]
[EventType "swiss"]
[EventRounds "9"]
[EventCountry "ESP"]
[SourceTitle "EXT 2024"]
[Source "ChessBase"]
[SourceDate "2023.10.10"]
[SourceVersion "1"]
[SourceVersionDate "2023.10.10"]
[SourceQuality "1"]

1. e4 Nf6 2. Nc3 d5 3. e5 d4 4. exf6 dxc3 5. bxc3 exf6 6. Qe2+ Be7 7. Ba3 Nc6 8. Qf3 Bxa3 9. Qe3+ Qe7 10. Bb5 Qxe3+ 11. dxe3 Bd7 12. Nf3 0-0-0 13. Nd4 Nxd4 14. Bxd7+ Rxd7 15. cxd4 Bb2 16. Rb1 Bc3+ 17. Ke2 Rd6 18. Rb3 Ba5 19. c4 Rb6 20. Ra3 Bb4 21. Rxa7 Ra6 22. Rb1 Rxa7 23. Rxb4 Rxa2+ 24. Kd3 Rxf2 25. d5 Re8 26. e4 Rxg2 27. c5 Rxh2 28. Ra4 0-1